Normal view
MARC view
- APEC Forum on Human Resources Development
Entry Nombre de Reunión
001 - NÚMERO DE CONTROL
- campo de control: 57700
003 - IDENTIFICADOR DE NÚMERO DE CONTROL
- campo de control: MX-MxUPN
005 - FECHA Y HORA DE LA ÚLTIMA TRANSACCIÓN
- campo de control: 20250910090945.0
008 - DATOS DE LONGITUD FIJA
- campo de control de longitud fija: 250910|| acn||aabn | a|a d
040 ## - FUENTE DE CATALOGACIÓN
- Agencia original de catalogación: MX-MxUPN
111 ## - ENCABEZAMIENTO - NOMBRE DE REUNIÓN
- Nombre de reunión o de jurisdicción: APEC Forum on Human Resources Development
- Fecha de la reunión : 2000
- Lugar de la reunión: Chiba, Japan
670 ## - FUENTE EN LA QUE SE LOCALIZARON DATOS
- Cita de la fuente: APEC Forum on Human Resources Development 2000 on human resources deveoplment in manufacturing indusrty
- Información localizada: Cubierta: (PEC Forum on Human Resources Development (24-26 october 2000: Chiba, Japan)
902 ## - CATALOGADOR
- Catalogador: Berenice Martínez/100925
